Score 0/20 Timer 03:00
6 Plays Today
Song Missing Word % Correct
Billie _____Jean
97%
Hey _____Jude
94.9%
Love Theme from Romeo and _____Juliet
93.8%
Jack and _____Jill
87.2%
Welcome to the _____Jungle
86.1%
Do You Know the Way to San _____Jose
85.5%
Bennie and the _____Jets
83.2%
Pump Up the _____Jam
79.2%
Gin & _____Juice
73.6%
Abraham, Martin and _____John
67.4%
Song Missing Word % Correct
Get Up and _____Jump
64.8%
Get a _____Job
63.1%
Ms. _____Jackson
57.4%
Personal _____Jesus
53.7%
Short Skirt Long _____Jacket
50.2%
Hey _____Joe
49.6%
I Started a _____Joke
43.7%
Sweet _____Jane
39.3%
St. _____Jimmy
20.7%
What Is a _____Juggalo
14.5%

Today's Daily Dose

Remove Ads.
Support Sporcle.
Get the best of Sporcle when you Go Orange. This ad-free experience offers more features, more stats, and more fun while also helping to support Sporcle. Thank you for becoming a member.

You're not logged in!

Compare scores with friends on all Sporcle quizzes.
OR
Log In

Show Comments

Extras

Top Quizzes Today


Score Distribution

Your Account Isn't Verified!

In order to create a playlist on Sporcle, you need to verify the email address you used during registration. Go to your Sporcle Settings to finish the process.

Report this User

Report this user for behavior that violates our Community Guidelines.

Details: